000 00477nam a2200181Ia 4500
008 090124s9999 xx 000 0 und d
082 _b130283
100 _aपै शिरीष
245 _a हाती शिल्लक
250 _a1
260 _c2001
300 _a240
600 _aपै शिरीष
630 _a हाती शिल्लक
700 _aपै शिरीष
730 _a हाती शिल्लक
942 _cBOOK
999 _c176372
_d176372